000 01407cab a2200217 4500
001 WB4008-01
008 040224n2004 000 0 eng u
035 _a(Sirsi) u125224
245 _aFree movement for some but not others
260 _c2004
490 _aRICS Press Release
_v(pr019) 23 February 2003 (2)
520 _aA vote by the European Parliament on a directive designed to ease the recognition of professional qualifications has dealt a serious blow to construction professionals. An amendment to the proposed EU's which would have acknowledged that building design is also carried out by appropriately qualified surveyors and engineers and not just by architects, was voted against by the parliament. As a result British and Irish building surveyors will be prevented from exporting their building design skills and capabilities to other EU countries. For the RICS Press Release: http://www.rics.org/ricscms/bin/show?class=PressRe lease&template=/includes/showpr.html&id=1129 For the European Commission Press Release: http://www.europa.eu.int/rapid/start/cgi/guesten.k sh?p_action.gettxt=gt&doc=IP/04/197 $0
_RAPID&lg=EN&display=
590 _aWB
650 _aDIRECTIVE 92/51/EEC
650 _aCONSTRUCTION PROFESSIONALS
650 _aBUILDING SURVEYORS
650 _aARCHITECTS
650 _aEUROPEAN PARLIAMENT
690 _aBUILT ENVIRONMENT-CONSTRUCTION DESIGN
942 _n0
999 _c74166
_d74166